000 00601nam a22002297a 4500
003 UA-OsUOA
001 124594
007 ta
008 20170815b un ||||| |||| 00| 0 ukr d
090 _a82.09(477)
_bН37
942 _cBK
040 _aUA-OsUOA
_bukr
_cUA-OsUOA
_dUA-OsUOA
245 _aНаш сучасник Микола Зеров
300 _a368 с.
955 _a1
041 _aukr
080 _a82.09(477)
020 _a966-8575-50-4
260 _aЛуцьк
_bТерен
_c2006
650 7 _a82 Література. Літературознавство
_2UDC
999 _c411722
_d411722